000 00288nam a22001337a 4500
008 170529b xxu||||| |||| 00| 0 eng d
020 _a9780827386464
041 _aeng
080 _22ND
_a621.3
100 _a27
101 _aIM
245 _aELECTRICITY
_cHERMAN, S.L
942 _2udc
_cBK
999 _c14767
_d14767